Guess the Faces that's been Mixed Together - Superhero Edition - Statistics

General Stats
  • This quiz has been taken 54 times
  • The average score is 10 of 10
Answer Stats
Picture Answer % Correct
Captain America / Batman / Deadpool
100%
The Thing / Daredevil / Hulk
100%
Wolverine / Flash / Iron Man
100%
Wonder Woman / Black Widow / Gamora
100%
Ant-Man / Mystique / Aquaman
98%
Catwoman / Mermaid Man / Joker
98%
Loki / Harley Quinn / Human Torch
98%
Magneto / Thor / Venom
98%
Superman / Spiderman / Martian Manhunter
98%
Ms. Marvel / Cyclops / Thanos
96%
No matching quizzes found
Score Distribution
Percent of People with Each Score
Percentile by Number Answered
Your Score History
You have not taken this quiz